000 00347nam a2200133Ia 4500
008 191201s2003 xx 000 0 und d
100 _aGILLARD, Patrick
245 0 _aCambridge Advanced Learner's Dictionary
250 _a1st
260 _aN.Delhi
_bCambridge Universty Press
_c2003
300 _a1550
650 _aGeneral Books
942 _2ddc
_cBK
999 _c1852
_d1852